00342nam a2200133Ia 4500008004100000041000800041082001400049100001600063245004500079250000700124260003300131300003100164365001300195240624s9999 xx 000 0 und d aeng a332.6 COH aCOHEN BRUCE aPENSION PUZZLE YOUR COMPLETE GUIDE TO GO a11 c2002aNew DelhibWiley India axii, : 212 : p. : cm. ; 25 cRSb33.5